00739nam a2200169 a 4500020004700000040000800047082002600055245005000081260015200131300003300283500011000316650003100426700001500457700002500472700001700497710005500514 a0444863664 (Elsevier Sci. Pub. Co. : pbk.) cDLC00a511 NOR 1982 A025 Or.00aBonn Workshop on Combinatorial Optimization / aAmsterdam ;aNew York :bNorth-Holland Pub. Co. ;aNew York, N.Y. :bSole distributors for the U.S.A. and Canada, Elsevier Science Pub. Co.,c1982. aix, 312 p. :bill. ;c24 cm. a"Based on lectures presented at the IV. Bonn Workshop on Combinatorial Optimazation, August 28-30, 1980." 0aCombinatorial optimization1 aBachem, A.1 aGrötschel, Martin.1 aKorte, B. H.2 aBonn Workshop on Combinatorial Optimization (1980)